O účinnosti prúdových motorov

Bibliographic Details
Main Author: Gonda, Ján, 1905-1993 (Author)
Format: Article
Language:Slovak

MARC

LEADER 00000nab a2200000uu 4500
001 vtls010913366
003 SK-MaSNL
005 20260303150713.0
008 230222|1946 xo |||||||||||||||||slo|
015 |a SNBRB 
035 |a (urnnbn)urn:nbn:sk:snk:ar-a09a3d 
035 |a (uuid)016b594b-d45f-4acf-a762-78c16f69be32 
035 |a urn:nbn:sk:snk-ab924p 
040 |a SNKBUCL  |b slo  |c SNKBUCL  |e AACR2 
041 0 |a slo 
044 |a xo  |c SK 
100 1 |a Gonda, Ján,  |d 1905-1993  |4 aut  |9 37280 
245 1 0 |a O účinnosti prúdových motorov  |c Ján Gonda 
773 0 |t Technický obzor slovenský  |g Roč. 10, č. 1-6 (1946), s. 14-16 
954 |a odborná, vedecká literatúra pôvodná (slovenská)  |2 lita 
958 |a OND 
958 |a EUIPO 
958 |a article10 
999 |c 2012649  |d 2014579